Specimen days and collect

Saved in:
書目詳細資料
主要作者: Whitman, Walt (Author)
格式: 圖書
語言:英语
出版: Nueva York Dover Publications, Inc. 1995
版:1a. ed
主題:
標簽: 添加標簽
沒有標簽, 成為第一個標記此記錄!

MARC

LEADER 00000cam a2200000 a 4500
001 UCE0764
003 CL-VaPUC
008 140307e19950000us |||||||||||||||||eng|d
082 0 4 |a 811.3  |b WHI  |2 21 
100 0 |a Whitman, Walt  |e author  |9 328683 
245 1 0 |a Specimen days and collect 
250 |a 1a. ed 
300 |a 374 p 
942 |c BK 
945 |d 20140307 11:03:00  |a dcastane 
260 |a Nueva York  |b Dover Publications, Inc.  |c 1995 
650 0 |a Poesía estadounidense  |9 265065 
650 0 |a Literatura estadounidense  |9 317168 
583 |a last modification  |c 20140307 11:03:00  |k Rodrigo Vera 
999 |c 354793  |d 354791 
952 |0 0  |1 0  |3 erb  |4 0  |6 811_300000000000000_WHI_1995  |7 0  |8 A  |9 460978  |a BIBEDU  |b BIBEDU  |i 5018692  |o 811.3 WHI 1995  |p 5018692  |r 2019-11-23  |w 2019-11-23  |y BK  |z Catalogado en:20140307  |k LIT